000 00683cab a22002295a 4500
001 L156527
008 120531e20120512xxk 000 0 eng d
035 _a(Sirsi) u156527
041 0 _aeng
100 1 _aChoueka, Rosemary
245 0 0 _aNo Competition
260 _c2012
490 _aEstates Gazette
_v(1219) 12 May 2012, 90-91(2)
520 _aOne year after the application of the Competition Act 1998 Chapter I to land agreements, what are the impacts?
590 _aKA
650 2 4 _aCOMPETITION ACT 1998
651 4 _aUnited Kingdom
690 _aMANAGEMENT-BUSINESS MANAGEMENT
690 _aPlanning and development
_96259
700 1 _aPeet, Carole
942 _n0
999 _c84056
_d84056